<?xml version="1.0" encoding="UTF-8"?>
<collection xmlns="http://www.loc.gov/MARC21/slim">
 <record>
  <leader>07229nas a2200793   4500</leader>
  <controlfield tag="001">1/50112</controlfield>
  <controlfield tag="008">930920s19--9999gr qrzp       0   g0gre d</controlfield>
  <datafield tag="035" ind1=" " ind2=" ">
   <subfield code="l">2629</subfield>
  </datafield>
  <datafield tag="040" ind1=" " ind2=" ">
   <subfield code="a">GR-PeUP</subfield>
  </datafield>
  <datafield tag="090" ind1=" " ind2=" ">
   <subfield code="a">Αλφαβητική σειρά</subfield>
  </datafield>
  <datafield tag="245" ind1="0" ind2="0">
   <subfield code="a">Πληροφοριακό δελτίο</subfield>
  </datafield>
  <datafield tag="260" ind1=" " ind2=" ">
   <subfield code="a">Αθήνα :</subfield>
   <subfield code="b">Εθνική Στατιστική Υπηρεσία της Ελλάδος,</subfield>
   <subfield code="c">[19--]-</subfield>
  </datafield>
  <datafield tag="300" ind1=" " ind2=" ">
   <subfield code="a">τ. :</subfield>
   <subfield code="b">εικ. ;</subfield>
   <subfield code="c">30 εκ.</subfield>
  </datafield>
  <datafield tag="310" ind1=" " ind2=" ">
   <subfield code="a">Τριμηνιαίο</subfield>
  </datafield>
  <datafield tag="362" ind1="0" ind2=" ">
   <subfield code="a">Τχ. (Απρ./Ιουν. 1995)-</subfield>
  </datafield>
  <datafield tag="546" ind1=" " ind2=" ">
   <subfield code="a">Ελληνική</subfield>
  </datafield>
  <datafield tag="650" ind1=" " ind2="4">
   <subfield code="a">Στατιστική</subfield>
   <subfield code="v">Περιοδικά.</subfield>
  </datafield>
  <datafield tag="852" ind1=" " ind2=" ">
   <subfield code="a">INST</subfield>
   <subfield code="b">UNIPILB</subfield>
   <subfield code="c">SERIALS</subfield>
   <subfield code="e">20051103</subfield>
   <subfield code="h">Αλφαβητική σειρά</subfield>
   <subfield code="p">48065</subfield>
   <subfield code="q">48065</subfield>
   <subfield code="t">NOLOAN</subfield>
   <subfield code="v">(Μήνες)Απρ.-Μάιος-Ιούνιος;(Έτος)1995:</subfield>
   <subfield code="y">23</subfield>
  </datafield>
  <datafield tag="852" ind1=" " ind2=" ">
   <subfield code="a">INST</subfield>
   <subfield code="b">UNIPILB</subfield>
   <subfield code="c">SERIALS</subfield>
   <subfield code="e">20051103</subfield>
   <subfield code="h">Αλφαβητική σειρά</subfield>
   <subfield code="p">48066</subfield>
   <subfield code="q">48066</subfield>
   <subfield code="t">NOLOAN</subfield>
   <subfield code="v">(Μήνες)Οκτ./Νοέμ./Δεκ.;(Έτος)1995:</subfield>
   <subfield code="y">23</subfield>
  </datafield>
  <datafield tag="852" ind1=" " ind2=" ">
   <subfield code="a">INST</subfield>
   <subfield code="b">UNIPILB</subfield>
   <subfield code="c">SERIALS</subfield>
   <subfield code="e">20051103</subfield>
   <subfield code="h">Αλφαβητική σειρά</subfield>
   <subfield code="p">48067</subfield>
   <subfield code="q">48067</subfield>
   <subfield code="t">NOLOAN</subfield>
   <subfield code="v">(Μήνες)Ιαν./Φεβ./Μάρ.;(Έτος)1996:</subfield>
   <subfield code="y">23</subfield>
  </datafield>
  <datafield tag="852" ind1=" " ind2=" ">
   <subfield code="a">INST</subfield>
   <subfield code="b">UNIPILB</subfield>
   <subfield code="c">SERIALS</subfield>
   <subfield code="e">20051103</subfield>
   <subfield code="h">Αλφαβητική σειρά</subfield>
   <subfield code="p">48068</subfield>
   <subfield code="q">48068</subfield>
   <subfield code="t">NOLOAN</subfield>
   <subfield code="v">(Μήνες)Απρ./Μάιος/Ιούν.;(Έτος)1996:</subfield>
   <subfield code="y">23</subfield>
  </datafield>
  <datafield tag="852" ind1=" " ind2=" ">
   <subfield code="a">INST</subfield>
   <subfield code="b">UNIPILB</subfield>
   <subfield code="c">SERIALS</subfield>
   <subfield code="e">20051103</subfield>
   <subfield code="h">Αλφαβητική σειρά</subfield>
   <subfield code="p">48069</subfield>
   <subfield code="q">48069</subfield>
   <subfield code="t">NOLOAN</subfield>
   <subfield code="v">(Μήνες)Ιούλ./Αύγ./Σεπ.;(Έτος)1996:</subfield>
   <subfield code="y">23</subfield>
  </datafield>
  <datafield tag="852" ind1=" " ind2=" ">
   <subfield code="a">INST</subfield>
   <subfield code="b">UNIPILB</subfield>
   <subfield code="c">SERIALS</subfield>
   <subfield code="e">20051103</subfield>
   <subfield code="h">Αλφαβητική σειρά</subfield>
   <subfield code="p">48070</subfield>
   <subfield code="q">48070</subfield>
   <subfield code="t">NOLOAN</subfield>
   <subfield code="v">(Μήνες)Οκτ./Νοέμ./Δεκ.;(Έτος)1996:</subfield>
   <subfield code="y">23</subfield>
  </datafield>
  <datafield tag="852" ind1=" " ind2=" ">
   <subfield code="a">INST</subfield>
   <subfield code="b">UNIPILB</subfield>
   <subfield code="c">SERIALS</subfield>
   <subfield code="e">20051103</subfield>
   <subfield code="h">Αλφαβητική σειρά</subfield>
   <subfield code="p">48071</subfield>
   <subfield code="q">48071</subfield>
   <subfield code="t">NOLOAN</subfield>
   <subfield code="v">(Μήνες)Ιαν./Φεβ./Μάρ.;(Έτος)1997:</subfield>
   <subfield code="y">23</subfield>
  </datafield>
  <datafield tag="852" ind1=" " ind2=" ">
   <subfield code="a">INST</subfield>
   <subfield code="b">UNIPILB</subfield>
   <subfield code="c">SERIALS</subfield>
   <subfield code="e">20051103</subfield>
   <subfield code="h">Αλφαβητική σειρά</subfield>
   <subfield code="p">48073</subfield>
   <subfield code="q">48073</subfield>
   <subfield code="t">NOLOAN</subfield>
   <subfield code="v">(Μήνες)Απρ./Μάιος/Ιούν.;(Έτος)1997:</subfield>
   <subfield code="y">23</subfield>
  </datafield>
  <datafield tag="852" ind1=" " ind2=" ">
   <subfield code="a">INST</subfield>
   <subfield code="b">UNIPILB</subfield>
   <subfield code="c">SERIALS</subfield>
   <subfield code="e">20051103</subfield>
   <subfield code="h">Αλφαβητική σειρά</subfield>
   <subfield code="p">48074</subfield>
   <subfield code="q">48074</subfield>
   <subfield code="t">NOLOAN</subfield>
   <subfield code="v">(Μήνες)Ιούλ./Αύγ./Σεπ.;(Έτος)1997:</subfield>
   <subfield code="y">23</subfield>
  </datafield>
  <datafield tag="852" ind1=" " ind2=" ">
   <subfield code="a">INST</subfield>
   <subfield code="b">UNIPILB</subfield>
   <subfield code="c">SERIALS</subfield>
   <subfield code="e">20051103</subfield>
   <subfield code="h">Αλφαβητική σειρά</subfield>
   <subfield code="p">48075</subfield>
   <subfield code="q">48075</subfield>
   <subfield code="t">NOLOAN</subfield>
   <subfield code="v">(Μήνες)Οκτ./Νοέμ./Δεκ.;(Έτος)1997:</subfield>
   <subfield code="y">23</subfield>
  </datafield>
  <datafield tag="852" ind1=" " ind2=" ">
   <subfield code="a">INST</subfield>
   <subfield code="b">UNIPILB</subfield>
   <subfield code="c">SERIALS</subfield>
   <subfield code="e">20051103</subfield>
   <subfield code="h">Αλφαβητική σειρά</subfield>
   <subfield code="p">48076</subfield>
   <subfield code="q">48076</subfield>
   <subfield code="t">NOLOAN</subfield>
   <subfield code="v">(Μήνες)Ιαν./Φεβ./Μάρ.;(Έτος)1998:</subfield>
   <subfield code="y">23</subfield>
  </datafield>
  <datafield tag="852" ind1=" " ind2=" ">
   <subfield code="a">INST</subfield>
   <subfield code="b">UNIPILB</subfield>
   <subfield code="c">SERIALS</subfield>
   <subfield code="e">20051103</subfield>
   <subfield code="h">Αλφαβητική σειρά</subfield>
   <subfield code="p">48077</subfield>
   <subfield code="q">48077</subfield>
   <subfield code="t">NOLOAN</subfield>
   <subfield code="v">(Μήνες)Απρ./Μάιος/Ιούν.;(Έτος)1998:</subfield>
   <subfield code="y">23</subfield>
  </datafield>
  <datafield tag="852" ind1=" " ind2=" ">
   <subfield code="a">INST</subfield>
   <subfield code="b">UNIPILB</subfield>
   <subfield code="c">SERIALS</subfield>
   <subfield code="e">20051103</subfield>
   <subfield code="h">Αλφαβητική σειρά</subfield>
   <subfield code="p">48078</subfield>
   <subfield code="q">48078</subfield>
   <subfield code="t">NOLOAN</subfield>
   <subfield code="v">(Μήνες)Ιούλ./Αύγ./Σεπ.;(Έτος)1998:</subfield>
   <subfield code="y">23</subfield>
  </datafield>
  <datafield tag="852" ind1=" " ind2=" ">
   <subfield code="a">INST</subfield>
   <subfield code="b">UNIPILB</subfield>
   <subfield code="c">SERIALS</subfield>
   <subfield code="e">20051103</subfield>
   <subfield code="h">Αλφαβητική σειρά</subfield>
   <subfield code="p">48079</subfield>
   <subfield code="q">48079</subfield>
   <subfield code="t">NOLOAN</subfield>
   <subfield code="v">(Μήνες)Οκτ./Νοέμ./Δεκ.;(Έτος)1998:</subfield>
   <subfield code="y">23</subfield>
  </datafield>
  <datafield tag="852" ind1=" " ind2=" ">
   <subfield code="a">INST</subfield>
   <subfield code="b">UNIPILB</subfield>
   <subfield code="c">SERIALS</subfield>
   <subfield code="e">20051103</subfield>
   <subfield code="h">Αλφαβητική σειρά</subfield>
   <subfield code="p">48080</subfield>
   <subfield code="q">48080</subfield>
   <subfield code="t">NOLOAN</subfield>
   <subfield code="v">(Μήνες)Ιαν./Φεβ./Μάρ.;(Έτος)1999:</subfield>
   <subfield code="y">23</subfield>
  </datafield>
  <datafield tag="852" ind1=" " ind2=" ">
   <subfield code="a">INST</subfield>
   <subfield code="b">UNIPILB</subfield>
   <subfield code="c">SERIALS</subfield>
   <subfield code="e">20051103</subfield>
   <subfield code="h">Αλφαβητική σειρά</subfield>
   <subfield code="p">48081</subfield>
   <subfield code="q">48081</subfield>
   <subfield code="t">NOLOAN</subfield>
   <subfield code="v">(Μήνες)Απρ./Μάιος/Ιούν.;(Έτος)1999:</subfield>
   <subfield code="y">23</subfield>
  </datafield>
  <datafield tag="852" ind1=" " ind2=" ">
   <subfield code="a">INST</subfield>
   <subfield code="b">UNIPILB</subfield>
   <subfield code="c">SERIALS</subfield>
   <subfield code="e">20051104</subfield>
   <subfield code="h">Αλφαβητική σειρά</subfield>
   <subfield code="p">48094</subfield>
   <subfield code="q">48094</subfield>
   <subfield code="t">NOLOAN</subfield>
   <subfield code="v">(Μήνες)Ιούλ./Αύγ./Σεπ.;(Έτος)2000:</subfield>
   <subfield code="y">23</subfield>
  </datafield>
  <datafield tag="852" ind1=" " ind2=" ">
   <subfield code="a">INST</subfield>
   <subfield code="b">UNIPILB</subfield>
   <subfield code="c">SERIALS</subfield>
   <subfield code="e">20051104</subfield>
   <subfield code="h">Αλφαβητική σειρά</subfield>
   <subfield code="p">48095</subfield>
   <subfield code="q">48095</subfield>
   <subfield code="t">NOLOAN</subfield>
   <subfield code="v">(Μήνες)Οκτ./Νοέμ./Δεκ.;(Έτος)2001:</subfield>
   <subfield code="y">23</subfield>
  </datafield>
  <datafield tag="852" ind1=" " ind2=" ">
   <subfield code="a">INST</subfield>
   <subfield code="b">UNIPILB</subfield>
   <subfield code="c">SERIALS</subfield>
   <subfield code="e">20051104</subfield>
   <subfield code="h">Αλφαβητική σειρά</subfield>
   <subfield code="p">48097</subfield>
   <subfield code="q">48097</subfield>
   <subfield code="t">NOLOAN</subfield>
   <subfield code="v">(Μήνες)Ιαν./Φεβ./Μάρ.;(Έτος)2002:</subfield>
   <subfield code="y">23</subfield>
  </datafield>
  <datafield tag="852" ind1=" " ind2=" ">
   <subfield code="a">INST</subfield>
   <subfield code="b">UNIPILB</subfield>
   <subfield code="c">SERIALS</subfield>
   <subfield code="e">20051104</subfield>
   <subfield code="h">Αλφαβητική σειρά</subfield>
   <subfield code="p">48099</subfield>
   <subfield code="q">48099</subfield>
   <subfield code="t">NOLOAN</subfield>
   <subfield code="v">(Μήνες)Ιούλ./Αύγ./Σεπ.;(Έτος)2002:</subfield>
   <subfield code="y">23</subfield>
  </datafield>
  <datafield tag="852" ind1=" " ind2=" ">
   <subfield code="a">INST</subfield>
   <subfield code="b">UNIPILB</subfield>
   <subfield code="c">SERIALS</subfield>
   <subfield code="e">20051104</subfield>
   <subfield code="h">Αλφαβητική σειρά</subfield>
   <subfield code="p">48100</subfield>
   <subfield code="q">48100</subfield>
   <subfield code="t">NOLOAN</subfield>
   <subfield code="v">(Μήνες)Οκτ./Νοέμ./Δεκ.;(Έτος)2002:</subfield>
   <subfield code="y">23</subfield>
  </datafield>
  <datafield tag="852" ind1=" " ind2=" ">
   <subfield code="a">INST</subfield>
   <subfield code="b">UNIPILB</subfield>
   <subfield code="c">SERIALS</subfield>
   <subfield code="e">20051104</subfield>
   <subfield code="h">Αλφαβητική σειρά</subfield>
   <subfield code="p">48102</subfield>
   <subfield code="q">48102</subfield>
   <subfield code="t">NOLOAN</subfield>
   <subfield code="v">(Μήνες)Ιαν./Φεβ./Μάρ.;(Έτος)2003:</subfield>
   <subfield code="y">23</subfield>
  </datafield>
  <datafield tag="852" ind1=" " ind2=" ">
   <subfield code="a">INST</subfield>
   <subfield code="b">UNIPILB</subfield>
   <subfield code="c">SERIALS</subfield>
   <subfield code="e">20051104</subfield>
   <subfield code="h">Αλφαβητική σειρά</subfield>
   <subfield code="p">48103</subfield>
   <subfield code="q">48103</subfield>
   <subfield code="t">NOLOAN</subfield>
   <subfield code="v">(Μήνες)Απρ./Μάιος/Ιούν.;(Έτος)2003:</subfield>
   <subfield code="y">23</subfield>
  </datafield>
  <datafield tag="852" ind1=" " ind2=" ">
   <subfield code="a">INST</subfield>
   <subfield code="b">UNIPILB</subfield>
   <subfield code="c">SERIALS</subfield>
   <subfield code="e">20051104</subfield>
   <subfield code="h">Αλφαβητική σειρά</subfield>
   <subfield code="p">48105</subfield>
   <subfield code="q">48105</subfield>
   <subfield code="t">NOLOAN</subfield>
   <subfield code="v">(Μήνες)Ιαν./Φεβ./Μάρ.;(Έτος)2004:</subfield>
   <subfield code="y">23</subfield>
  </datafield>
  <datafield tag="852" ind1=" " ind2=" ">
   <subfield code="a">INST</subfield>
   <subfield code="b">UNIPILB</subfield>
   <subfield code="c">SERIALS</subfield>
   <subfield code="e">20051104</subfield>
   <subfield code="h">Αλφαβητική σειρά</subfield>
   <subfield code="p">48106</subfield>
   <subfield code="q">48106</subfield>
   <subfield code="t">NOLOAN</subfield>
   <subfield code="v">(Μήνες)Οκτ./Νοέμ./Δεκ.;(Έτος)2003:</subfield>
   <subfield code="y">23</subfield>
  </datafield>
  <datafield tag="852" ind1=" " ind2=" ">
   <subfield code="a">INST</subfield>
   <subfield code="b">UNIPILB</subfield>
   <subfield code="c">SERIALS</subfield>
   <subfield code="e">20051104</subfield>
   <subfield code="h">Αλφαβητική σειρά</subfield>
   <subfield code="p">48107</subfield>
   <subfield code="q">48107</subfield>
   <subfield code="t">NOLOAN</subfield>
   <subfield code="v">(Μήνες)Ιούλ./Αύγ./Σεπ.;(Έτος)2003:</subfield>
   <subfield code="y">23</subfield>
  </datafield>
  <datafield tag="852" ind1=" " ind2=" ">
   <subfield code="a">INST</subfield>
   <subfield code="b">UNIPILB</subfield>
   <subfield code="c">SERIALS</subfield>
   <subfield code="e">20051104</subfield>
   <subfield code="h">Αλφαβητική σειρά</subfield>
   <subfield code="p">48109</subfield>
   <subfield code="q">48109</subfield>
   <subfield code="t">NOLOAN</subfield>
   <subfield code="v">(Μήνες)Απρ./Μάιος/Ιούν.;(Έτος)2004:</subfield>
   <subfield code="y">23</subfield>
  </datafield>
  <datafield tag="852" ind1=" " ind2=" ">
   <subfield code="a">INST</subfield>
   <subfield code="b">UNIPILB</subfield>
   <subfield code="c">SERIALS</subfield>
   <subfield code="e">20051104</subfield>
   <subfield code="h">Αλφαβητική σειρά</subfield>
   <subfield code="p">48110</subfield>
   <subfield code="q">48110</subfield>
   <subfield code="t">NOLOAN</subfield>
   <subfield code="v">(Μήνες)Ιούλ./Αύγ./Σεπ.;(Έτος)2004:</subfield>
   <subfield code="y">23</subfield>
  </datafield>
  <datafield tag="852" ind1=" " ind2=" ">
   <subfield code="a">INST</subfield>
   <subfield code="b">UNIPILB</subfield>
   <subfield code="c">SERIALS</subfield>
   <subfield code="e">20051109</subfield>
   <subfield code="h">Αλφαβητική σειρά</subfield>
   <subfield code="p">48219</subfield>
   <subfield code="q">48219</subfield>
   <subfield code="t">NOLOAN</subfield>
   <subfield code="v">(Μήνες)Ιαν.-Ιούν.;(Έτος)2005:</subfield>
   <subfield code="y">23</subfield>
  </datafield>
  <datafield tag="852" ind1=" " ind2=" ">
   <subfield code="a">INST</subfield>
   <subfield code="b">UNIPILB</subfield>
   <subfield code="c">SERIALS</subfield>
   <subfield code="e">20070612</subfield>
   <subfield code="h">Αλφαβητική σειρά</subfield>
   <subfield code="p">55933</subfield>
   <subfield code="q">55933</subfield>
   <subfield code="t">NOLOAN</subfield>
   <subfield code="v">(Μήνες)Ιούλ.-Δεκ.;(Έτος)2005:</subfield>
   <subfield code="y">23</subfield>
  </datafield>
  <datafield tag="900" ind1=" " ind2=" ">
   <subfield code="a">(Ιαν./Φεβ./Μάρ. 2006)</subfield>
   <subfield code="b">Οφειλόμενο</subfield>
   <subfield code="c">01/12/2011</subfield>
  </datafield>
  <datafield tag="900" ind1=" " ind2=" ">
   <subfield code="a">(Ιούλ./Αύγ./Σεπ. 1995)</subfield>
   <subfield code="b">Οφειλόμενο</subfield>
   <subfield code="c">02/11/2005</subfield>
  </datafield>
  <datafield tag="900" ind1=" " ind2=" ">
   <subfield code="a">(Ιούλ./Αύγ./Σεπ. 1999)</subfield>
   <subfield code="b">Οφειλόμενο</subfield>
   <subfield code="c">02/11/2005</subfield>
  </datafield>
  <datafield tag="900" ind1=" " ind2=" ">
   <subfield code="a">(Οκτ./Νοέμ./Δεκ. 1999)</subfield>
   <subfield code="b">Οφειλόμενο</subfield>
   <subfield code="c">02/11/2005</subfield>
  </datafield>
  <datafield tag="900" ind1=" " ind2=" ">
   <subfield code="a">(Ιαν./Φεβ./Μάρ. 2000)</subfield>
   <subfield code="b">Οφειλόμενο</subfield>
   <subfield code="c">02/11/2005</subfield>
  </datafield>
  <datafield tag="900" ind1=" " ind2=" ">
   <subfield code="a">(Απρ./Μάιος/Ιούν. 2000)</subfield>
   <subfield code="b">Οφειλόμενο</subfield>
   <subfield code="c">02/11/2005</subfield>
  </datafield>
  <datafield tag="900" ind1=" " ind2=" ">
   <subfield code="a">(Οκτ./Νοέμ./Δεκ. 2000)</subfield>
   <subfield code="b">Οφειλόμενο</subfield>
   <subfield code="c">24/06/2009</subfield>
  </datafield>
  <datafield tag="900" ind1=" " ind2=" ">
   <subfield code="a">(Ιαν./Φεβ./Μάρ. 2001)</subfield>
   <subfield code="b">Οφειλόμενο</subfield>
   <subfield code="c">23/09/2009</subfield>
  </datafield>
  <datafield tag="900" ind1=" " ind2=" ">
   <subfield code="a">(Απρ./Μάιος/Ιούν. 2001)</subfield>
   <subfield code="b">Οφειλόμενο</subfield>
   <subfield code="c">23/12/2009</subfield>
  </datafield>
  <datafield tag="900" ind1=" " ind2=" ">
   <subfield code="a">(Ιούλ./Αύγ./Σεπ. 2001)</subfield>
   <subfield code="b">Οφειλόμενο</subfield>
   <subfield code="c">23/03/2010</subfield>
  </datafield>
  <datafield tag="900" ind1=" " ind2=" ">
   <subfield code="a">(Απρ./Μάιος/Ιούν. 2002)</subfield>
   <subfield code="b">Οφειλόμενο</subfield>
   <subfield code="c">12/01/2011</subfield>
  </datafield>
  <datafield tag="900" ind1=" " ind2=" ">
   <subfield code="a">(Οκτ./Νοέμ./Δεκ. 2004)</subfield>
   <subfield code="b">Οφειλόμενο</subfield>
   <subfield code="c">24/06/2013</subfield>
  </datafield>
  <datafield tag="900" ind1=" " ind2=" ">
   <subfield code="a">(Απρ./Μάιος/Ιούν. 2005)</subfield>
   <subfield code="b">Οφειλόμενο</subfield>
   <subfield code="c">09/05/2011</subfield>
  </datafield>
  <datafield tag="900" ind1=" " ind2=" ">
   <subfield code="a">(Οκτ./Νοέμ./Δεκ. 2005)</subfield>
   <subfield code="b">Οφειλόμενο</subfield>
   <subfield code="c">25/08/2011</subfield>
  </datafield>
  <datafield tag="950" ind1=" " ind2=" ">
   <subfield code="a">01/04/1995</subfield>
   <subfield code="c">ΔΩΡΕΑ ΠΕΡΙΟΔΙΚΩΝ</subfield>
   <subfield code="d">607</subfield>
  </datafield>
  <datafield tag="951" ind1=" " ind2=" ">
   <subfield code="a">(Ιούλ./Δεκ. 2005)</subfield>
   <subfield code="b">Main run</subfield>
  </datafield>
  <datafield tag="951" ind1=" " ind2=" ">
   <subfield code="a">(Απρ./Μάιος/Ιούν. 1995)</subfield>
   <subfield code="b">Main run</subfield>
  </datafield>
  <datafield tag="951" ind1=" " ind2=" ">
   <subfield code="a">(Οκτ./Νοέμ./Δεκ. 1995) - (Απρ./Μάιος/Ιούν. 1999)</subfield>
   <subfield code="b">Main run</subfield>
  </datafield>
  <datafield tag="951" ind1=" " ind2=" ">
   <subfield code="a">(Ιούλ./Αύγ./Σεπ. 2000)</subfield>
   <subfield code="b">Main run</subfield>
  </datafield>
  <datafield tag="951" ind1=" " ind2=" ">
   <subfield code="a">(Οκτ./Νοέμ./Δεκ. 2001) - (Ιαν./Φεβ./Μάρ. 2002)</subfield>
   <subfield code="b">Main run</subfield>
  </datafield>
  <datafield tag="951" ind1=" " ind2=" ">
   <subfield code="a">(Ιούλ./Αύγ./Σεπ. 2002) - (Ιούλ./Αύγ./Σεπ. 2004)</subfield>
   <subfield code="b">Main run</subfield>
  </datafield>
  <datafield tag="951" ind1=" " ind2=" ">
   <subfield code="a">(Ιαν.-Ιούν. 2005)</subfield>
   <subfield code="b">Main run</subfield>
  </datafield>
 </record>
</collection>
